Movies Quiz

Random Movies or Blitz Quiz

Disney Animated Films Letter Blitz Quiz Stats

 Plays Quiz Updated Apr 7, 2019

Score 0/57 Timer 01:30
3 Plays Today
Letter Movie % Correct
BBambi
88.3%
BBeauty and the Beast
88.3%
BBig Hero 6
88.3%
BThe Black Cauldron
88.3%
BBolt
88.3%
BBrother Bear
88.3%
AThe Adventures of Ichabod and Mr. Toad
83.5%
AAladdin
83.5%
AAlice in Wonderland
83.5%
AThe Aristocats
83.5%
AAtlantis: The Lost Empire
83.5%
FFantasia
80.1%
FFantasia 2000
80.1%
FThe Fox and the Hound
80.1%
FFrozen
80.1%
FFun and Fancy Free
80.1%
CChicken Little
77.2%
CCinderella
77.2%
LLady and the Tramp
76%
LLilo & Stitch
76%
LThe Lion King
76%
LThe Little Mermaid
76%
PPeter Pan
71.1%
PPinocchio
71.1%
PPocahontas
71.1%
PThe Princess and the Frog
71.1%
DDinosaur
66.4%
DDumbo
66.4%
SSleeping Beauty
66.1%
Letter Movie % Correct
SSaludos Amigos
66.1%
SSnow White and the Seven Dwarfs
66.1%
SThe Sword in the Stone
66.1%
MMake Mine Music
65.4%
MThe Many Adventures of Winnie the Pooh
65.4%
MMeet the Robinsons
65.4%
MMelody Time
65.4%
MMoana
65.4%
MMulan
65.4%
TTangled
57%
TTarzan
57%
TThe Three Caballeros
57%
TTreasure Planet
57%
HHercules
46.6%
HHome on the Range
46.6%
HThe Hunchback of Notre Dame
46.6%
ZZootopia
43.7%
RRobin Hood
40.4%
RThe Rescuers
40.4%
RThe Rescuers Down Under
40.4%
JThe Jungle Book
39.7%
RRalph Breaks the Internet
39.6%
OOliver & Company
33.4%
OOne Hundred and One Dalmatians
33.4%
WWinnie the Pooh
24.5%
WWreck-It Ralph
24.5%
EThe Emperor's New Groove
21.6%
GThe Great Mouse Detective
14.2%

You're not logged in!

Compare scores with friends on all Sporcle quizzes.
OR
Log In

Sporcle TV

Today on Sporcle TV


Watch our educational content, quiz creation guides, and fun videos on Sporcle TV.

Show Comments

Extras

Top Quizzes Today


Score Distribution

Your Account Isn't Verified!

In order to create a playlist on Sporcle, you need to verify the email address you used during registration. Go to your Sporcle Settings to finish the process.

Report this User

Report this user for behavior that violates our Community Guidelines.

Details: